1671 1641 1691 1910 1302 1667 1890 1626 1596 1058 1262 1577 1848 1049 1245 1167 1776 1336 1799 1991 1660 1876 1696 1529 1769 1607 1856 1264 1872 1065 1637 1033 1040 1879 1615 1941 1526 1825 1318 1513 1942 1117 1304 1502 1694 1292 1800 1744 1695 1679 1492 1585 1435 1240 1764 1841 1874 1503 1339 1353 1572 1364 1971 1210 1731 1976 1508 1240 1971 1697 1233 1439 1494 1284 1947 1867 1283 1890 1339 1920 1989 1292 1456 1439 1013 1159 1672 1354 1541 2000 1276 1006 1097 1813 1996 1505 1628 1480 1330 BCNSPRNW ULIB Ver.6.0+V

เปลี่ยนเป็นภาษาไทย

Change to English
 แสดงรายละเอียดบรรณานุกรม
  กลับหน้าหลัก

Brief Record : Get Marc (ISO 2709) : E-mail record : QR code < ปิดหน้าต่าง
LEADER : 00000nam 2200000uu 4500
001    13399127498
003     ULIB
008    200617s2562||||th 000 0 tha d
020    ู^a9786168218044
050  0 ^aนว^bธ739ว
100    ^aธุวัฒธรรพ์
245    ^aวารีสีเลือด
250    ^aพิมพ์ครั้งที่ 1
260    ^aกรุงเทพฯ :^bกู๊ด คอนเทนส์,^c2562
300    ^a184 หน้า;^b21 ซม.
650    ^aนวนิยาย
945    ^p179^l0^i28404
999    ^aกัณชพร จุลอักษร
รายการนี้ยังไม่มีแท็ก
คุณยังไม่ได้ล็อกอิน คุณสามารถมีกิจกรรมร่วมกับเว็บไซต์ได้ แต่ต้องล็อกอินก่อน ::
  ล็อกอิน

รายการสื่อสารสนเทศ

ลำดับที่ ประเภท เลขเรียก/บาร์โค้ด สถานที่ สถานะ
1. นวนิยาย
นวนิยาย
นว ธ739ว ฉ.1 
  Barcode: 28404
ห้องสมุดวิทยาเขตนครสวรรค์
►หนังสือทั่วไป:l:General Books
บนชั้น

รายการใกล้เคียง
    ชื่อเรื่อง [วารีสีเลือด]

    ผู้แต่ง [ธุวัฒธรรพ์]

    หัวเรื่อง [นวนิยาย]

BibComment


ยังไม่เคยถูกคอมเมนท์

คอมเมนท์ทรัพยากรรายการนี้
  คอมเมนท์: วารีสีเลือด


 Copyright 2026. Bcnsprnw @Library